| 000 | 00906nam a2200265Ia 4500 | ||
|---|---|---|---|
| 003 | OSt | ||
| 005 | 20220918171302.0 | ||
| 006 | a|||||r|||| 00| 0 | ||
| 007 | ta | ||
| 008 | 220917b |||||||| |||| 00| 0 eng d | ||
| 020 |
_a9781462526314 (hbk) _cUSD 45.00 |
||
| 024 | _a318,579 | ||
| 037 |
_b8009, 10/03/2017, Efficient Book Distributors _cTextual |
||
| 040 |
_aARTS _cARTS _beng |
||
| 041 |
_2eng _aeng |
||
| 082 | _aS:34, Q6 | ||
| 100 |
_aSmith Ronald E. Au. _935414 |
||
| 245 | 0 |
_aPromoting emotional resilience _b cognitive affective stress management training |
|
| 260 |
_aNew York _bGuilford Press U.S.A _c2016 |
||
| 300 |
_axi,340p. _ccm. |
||
| 650 |
_aSTRESS (PSYCHOLOGY) _933158 |
||
| 700 |
_a Ascough James C. Au. _935415 |
||
| 942 |
_hS:34, Q6 _cTEXL _2CC |
||
| 999 |
_c138789 _d138789 |
||